000
00207nam a22000857a 4500
008
161213b xxu||||| |||| 00| 0 eng d
100
_9
2012
_a
NCERT
245
_a
Social Science-VI
260
_a
New Delhi
_b
NCERT
_c
2007
999
_c
4876
_d
4876